Jojo's Bizarre Adventure (part4-6) - Mort subite - Statistiques

Statistiques générales
  • Ce quiz a été pris 406 fois
  • Le résultat moyen est 16 sur 20
Answers on the Grid
Answers color-coded by a green-red scale on the quiz's grid according to % correct below.
Kokushibo
Shiryu
Genos
Okuyasu
Ermes
Milizé
Giorno
Maehara
Emporio
Narancia
Shigekiyo
Rohan
Emul
Bundo
Yukako
Franky
Jolyne
Koichi
Gwess
Squalo
Weather Report
Tonio
Willy Rovelli
Buccellati
Pucci
Risotto
Vladilena
Trish
Abbacchio
Josuke
 
Statistiques - réponses
Réponse % Correct
Giorno
92%
Jolyne
90%
Okuyasu
89%
Emporio
88%
Koichi
88%
Narancia
88%
Abbacchio
87%
Josuke
87%
Pucci
87%
Rohan
87%
Weather Report
87%
Ermes
84%
Risotto
84%
Buccellati
83%
Trish
83%
Yukako
71%
Tonio
69%
Gwess
62%
Squalo
60%
Shigekiyo
57%
Aucun quiz correspondant
Distribution des résultats
% des personnes avec chaque résultat
Percentile par nombre de réponses
Votre historique - résultats
Vous n’avez pas pris ce quiz